Building java programs : A back to basics approach
Contents: Introduction to Java programming; primitive data and definite loops; introduction to parameters and objects; graphics (Optional); Conditional execution; Program logic and indefinite loops,...
में बचाया:
| मुख्य लेखक: | |
|---|---|
| अन्य लेखक: | |
| स्वरूप: | पुस्तक |
| भाषा: | Vietnamese |
| प्रकाशित: |
Hoboken, N.J
Pearson
2020
|
| संस्करण: | 5th ed. |
| विषय: | |
| टैग : |
टैग जोड़ें
कोई टैग नहीं, इस रिकॉर्ड को टैग करने वाले पहले व्यक्ति बनें!
|
| Thư viện lưu trữ: | Thư viện Trường Đại học Nam Cần Thơ |
|---|
| LEADER | 01002nam a22002297a 4500 | ||
|---|---|---|---|
| 001 | NCT_86738 | ||
| 008 | 201017b xxu||||| |||| 00| 0 vie d | ||
| 999 | |c 4275 |d 4275 | ||
| 020 | |a 9780135471944 | ||
| 082 | 0 | 4 | |2 23rd ed. |a 005.133 |b R333 |
| 100 | 1 | |a Reges, Stuart | |
| 245 | 1 | 0 | |a Building java programs : |b A back to basics approach |c Stuart Reges, Marty Stepp |
| 250 | |a 5th ed. | ||
| 260 | |a Hoboken, N.J |b Pearson |c 2020 | ||
| 300 | |a xxviii, 1204 p. |b ill. |c 25cm | ||
| 504 | |a Includes index | ||
| 520 | 3 | |a Contents: Introduction to Java programming; primitive data and definite loops; introduction to parameters and objects; graphics (Optional); Conditional execution; Program logic and indefinite loops,... | |
| 653 | |a Công nghệ thông tin | ||
| 700 | 1 | |a Stepp, Marty | |
| 942 | |2 ddc |c BK | ||
| 952 | |0 0 |1 0 |2 ddc |4 0 |6 005_133000000000000_R333 |7 0 |9 20693 |a 000001 |b 000001 |d 2020-10-17 |o 005.133 R333 |p MD.17996 |r 2020-10-17 |w 2020-10-17 |y BK | ||
| 980 | |a Thư viện Trường Đại học Nam Cần Thơ | ||


